Automatic flight control, 4/e (Record no. 267412)
[ view plain ]
| 000 -LEADER | |
|---|---|
| fixed length control field | 00284 a2200121 4500 |
| 001 - CONTROL NUMBER | |
| control field | 32339 |
| 082 ## - DEWEY DECIMAL CLASSIFICATION NUMBER | |
| Classification number | 629.1352 PAL |
| 090 ## - LOCALLY ASSIGNED LC-TYPE CALL NUMBER (OCLC); LOCAL CALL NUMBER (RLIN) | |
| -- | 21718 |
| -- | 21718 |
| 100 ## - MAIN ENTRY--PERSONAL NAME | |
| Personal name | pallett E W |
| 245 ## - TITLE STATEMENT | |
| Title | Automatic flight control, 4/e |
| 250 ## - EDITION STATEMENT | |
| Edition statement | 4 |
| 260 ## - PUBLICATION, DISTRIBUTION, ETC. | |
| Place of publication, distribution, etc. | London |
| Name of publisher, distributor, etc. | Blackwell Publishing |
| Date of publication, distribution, etc. | 1993 |
| 942 ## - ADDED ENTRY ELEMENTS (KOHA) | |
| Institution code [OBSOLETE] | NUST-CAE |
| Call number prefix | 629.1352 PAL |
| Withdrawn status | Lost status | Damaged status | Not for loan | Collection code | Permanent Location | Current Location | Date acquired | Total Checkouts | Full call number | Barcode | Date last seen | Price effective from | Koha item type |
|---|---|---|---|---|---|---|---|---|---|---|---|---|---|
| College of Aeronautical Engineering (CAE) | College of Aeronautical Engineering (CAE) | 04/03/2017 | 629.1352 PAL | CAE71678 | 04/05/2017 | 04/05/2017 | Book |
